000 01274nam a2200313 i 4500
003 EG-GICUC
005 20260121101331.0
008 251122s1961 ua ||||fr|||| 00| 0 ara d
040 _a EG-GICUC
_bara
_c EG-GICUC
_d EG-GICUC
_erda
041 0 _aara
082 0 4 _221
_a342.8
_bس ع . أ
092 0 4 _221
099 _aLaw1 08 342.8 س ع . أ 2 ed - 1961
100 0 _aسعيد عبد الفتاح عاشور
_eمؤلف.
245 1 0 _aأوربا العصور الوسطى.
_nالجزء الأول،
_pالتاريخ السياسي /
_cدكتور سعيد عبد الفتاح عاشور.
250 _aالطبعة الثانية
264 3 _aالقاهرة :
_bمطبعة الأنجلو المصرية،
_c1961.
300 _a780 ؛صفحة
_c24 سم.
336 _2rda content
_atext
337 _2rda media
_aComputer
338 _2rda carrier
_aOnline Resource
504 _aيشتمل على إرجاعات ببليوجرافية.
546 _aالنص أغلبه باللغة العربية مع بعض النصوص الإنجليزية
650 1 4 _aتاريخ العلوم الساسية
650 1 4 _aالقانون الدستوري
856 4 0 _uhttps://fll.law.cu.edu.eg/fulltext/bks/B08-03532.pdf
905 _a32
_eYara
942 _2ddc
_cBK
_e21
_n0
999 _c45313
_d45313